000 00349nam a2200133Ia 4500
008 210210b1963 xxu||||| |||| 00| 0 eng d
082 _a320.3 STRH
100 _aSTRONG (C F).
245 _aHistory of modern political constitutions.
260 _aNY
_bCapricorn Books.
_c1963
300 _a389
690 _aComparative Governments
906 _a041864
999 _c91839
_d91839